00506nam a2200109Ia 4500008004100000050002400041100003000065245016300095260008600258300002900344521002300373140724s9999 xx 000 0 und d aP 91.25b.M478 2007 aMcGrego, Andrew Escudero. 4aThe effects of Cultural Diversity on the communication process of Foreign Students in Southville International School and Colleges /cAndrew Escudero McGrego. aLas Piñas, Philippines :bSouthville International School and Colleges,cc2007. a108 p. :bill. ;c28 cm. aMass Communication